| 000 | 00658nam a22001937a 4500 | ||
|---|---|---|---|
| 003 | OSt | ||
| 005 | 20250820080103.0 | ||
| 008 | 250820b |||||||| |||| 00| 0 eng d | ||
| 020 | _a 1-55054-690-2. | ||
| 040 |
_aDWCL MAIN LIB _cOC |
||
| 082 | _aCirc. 641.5971 S849g 1999 | ||
| 100 | _aSTEWART, ANITA | ||
| 245 |
_aGreat Canadian cuisine : _bthe contemporary flavours of Canadian pacific hotels / _cSTEWART, ANITA |
||
| 260 |
_aColumbia : _bDouglas & Mc Intyre, _cc1999. |
||
| 300 |
_a192 pages : _bcolor illustrations ; _c29cm. |
||
| 504 | _aIncludes index. | ||
| 648 | _2Cooking, Canadian. 2. Canadian Pacific Hotel | ||
| 942 |
_2ddc _cBK-CIRC _kCirc. _n0 |
||
| 999 |
_c4121 _d4121 |
||